[Event "Edmonton WBX tt"]
[Site "Edmonton"]
[Date "2016.12.18"]
[Round "5"]
[White "Razzaq, Ali"]
[Black "Koperski, Dustin"]
[Result "0-1"]
[WhiteElo "1786"]
[BlackElo "1687"]
[PlyCount "72"]
[EventDate "2016.12.17"]
[EventType "team-swiss"]
[EventRounds "5"]
[EventCountry "CAN"]
[SourceTitle "EXT 2019"]
[Source "ChessBase"]
[SourceDate "2018.10.10"]
[SourceVersion "1"]
[SourceVersionDate "2018.10.10"]
[SourceQuality "1"]

1. d4 Nf6 2. g3 c5 3. Bg2 cxd4 4. Qxd4 Nc6 5. Qa4 g6 6. Nf3 Bg7 7. 0-0 0-0 8. c3 d6 9. e4 Bd7 10. Qc2 Rc8 11. h3 Be6 12. Rd1 Nd7 13. Be3 a6 14. Ng5 Nde5 15. Nxe6 fxe6 16. Qb3 Qd7 17. Bb6 Nf3+ 18. Bxf3 Rxf3 19. Nd2 Rf7 20. Nc4 Ne5 21. Na5 Nf3+ 22. Kg2 e5 23. Be3 b5 24. a4 Rcf8 25. axb5 axb5 26. Qd5 Kh8 27. Nb3 Ng5 28. g4 Nxh3 29. Kxh3 Rf3+ 30. Kg2 Qxg4+ 31. Kf1 Rxe3 32. Ra8 Ref3 33. Rxf8+ Rxf8 34. Rd2 Bh6 35. Re2 Qh3+ 36. Ke1 Qh1# 0-1

[Event "Edmonton WBX tt"]
[Site "Edmonton"]
[Date "2016.12.17"]
[Round "2"]
[White "Razzaq, Ali"]
[Black "Robertson, Trevor"]
[Result "1/2-1/2"]
[WhiteElo "1786"]
[BlackElo "1681"]
[PlyCount "123"]
[EventDate "2016.12.17"]
[EventType "team-swiss"]
[EventRounds "5"]
[EventCountry "CAN"]
[SourceTitle "EXT 2019"]
[Source "ChessBase"]
[SourceDate "2018.10.10"]
[SourceVersion "1"]
[SourceVersionDate "2018.10.10"]
[SourceQuality "1"]

1. d4 d5 2. g3 c6 3. Bg2 Nf6 4. Nf3 Bf5 5. 0-0 h6 6. c4 e6 7. Nc3 Nbd7 8. a4 a6 9. a5 Bd6 10. Nd2 0-0 11. Qb3 Rb8 12. f3 Bh7 13. e4 dxc4 14. Nxc4 Be7 15. Bf4 c5 16. Bxb8 Qxb8 17. d5 exd5 18. exd5 Bd3 19. Rfe1 Bxc4 20. Qxc4 Bd6 21. Ne4 Be5 22. Nxc5 Qa7 23. Kh1 Bxb2 24. Rab1 Qxc5 25. Qxc5 Nxc5 26. Rxb2 Nd3 27. Reb1 Nxb2 28. Rxb2 Nxd5 29. f4 Ne3 30. Bxb7 Rb8 31. Rb3 Nc4 32. Rc3 Rxb7 33. Rxc4 Rb5 34. Ra4 Rb2 35. Rd4 Rb5 36. Ra4 Rb2 37. Kg1 g6 38. Re4 Rb5 39. Re5 Rb2 40. Re8+ Kg7 41. Ra8 Kf6 42. Rxa6+ Kf5 43. Ra7 Kg4 44. Rc7 Ra2 45. f5 Rxa5 46. fxg6 fxg6 47. Rc4+ Kg5 48. Kg2 h5 49. Kh3 Rd5 50. Rf4 Ra5 51. Rf2 Ra3 52. Rc2 Ra5 53. Kg2 Rf5 54. h4+ Kh6 55. Rc4 Rb5 56. Kf3 Rb1 57. Ke4 Rb3 58. Kf4 Rb1 59. g4 Rf1+ 60. Ke5 hxg4 61. Rxg4 Kh5 62. Rg5+ 1/2-1/2

[Event "Edmonton Newton Memorial"]
[Site "Edmonton"]
[Date "2015.11.08"]
[Round "4"]
[White "Razzaq, Ali"]
[Black "Briones, Dante"]
[Result "0-1"]
[WhiteElo "1827"]
[BlackElo "1944"]
[PlyCount "80"]
[EventDate "2015.11.06"]
[EventType "tourn"]
[EventRounds "5"]
[EventCountry "CAN"]
[SourceTitle "EXT 2017"]
[Source "ChessBase"]
[SourceDate "2016.10.25"]
[SourceVersion "1"]
[SourceVersionDate "2016.10.25"]
[SourceQuality "1"]

1. d4 e6 2. Nf3 Nf6 3. g3 c5 4. c4 b5 5. Bg2 bxc4 6. 0-0 d5 7. Ne5 Nbd7 8. Qa4 cxd4 9. Bd2 Bc5 10. Nxc4 0-0 11. b4 Be7 12. Na5 Nb6 13. Qc2 Ba6 14. Bf4 Bxb4 15. Nb3 Rc8 16. Qd1 Bc3 17. Nxc3 dxc3 18. Rc1 Qd7 19. Be5 Na4 20. Bf3 Rc4 21. h4 Rfc8 22. Rc2 Ne4 23. Qd3 Bb5 24. Qe3 f6 25. Bd4 e5 26. Bxa7 f5 27. Bxe4 Rxe4 28. Qg5 Rg4 29. Qe3 Re4 30. Qg5 Qxa7 31. Qxf5 Rf8 32. Qe6+ Qf7 33. Qd6 Rxe2 34. Rcc1 Rxf2 35. Rxf2 Qxf2+ 36. Kh1 Qf3+ 37. Kh2 Bd3 38. Qe6+ Kh8 39. Qh3 Be4 40. Kg1 Qe3+ 0-1

[Event "Edmonton Newton Memorial"]
[Site "Edmonton"]
[Date "2015.11.06"]
[Round "1"]
[White "Nguyen, Kim"]
[Black "Razzaq, Ali"]
[Result "1-0"]
[WhiteElo "2048"]
[BlackElo "1827"]
[PlyCount "57"]
[EventDate "2015.11.06"]
[EventType "tourn"]
[EventRounds "5"]
[EventCountry "CAN"]
[SourceTitle "EXT 2017"]
[Source "ChessBase"]
[SourceDate "2016.10.25"]
[SourceVersion "1"]
[SourceVersionDate "2016.10.25"]
[SourceQuality "1"]

1. e4 c6 2. d4 d5 3. e5 c5 4. Nf3 Nc6 5. Bb5 Bg4 6. dxc5 e6 7. b4 a5 8. c3 Bxf3 9. Qxf3 axb4 10. cxb4 Qh4 11. Qf4 Qxf4 12. Bxc6+ bxc6 13. Bxf4 Ne7 14. Nd2 h6 15. h4 g6 16. a3 Bg7 17. Ke2 Kd7 18. Kd3 Ra4 19. Kc2 Rha8 20. Kb3 g5 21. hxg5 hxg5 22. Bxg5 Bxe5 23. Ra2 Bd4 24. Nf3 Bxf2 25. Ne5+ Kc7 26. Bxe7 Bd4 27. Bd6+ Kb7 28. Rh7 Bxe5 29. Rxf7+ 1-0

[Event "Northern Alberta op"]
[Site "Edmonton"]
[Date "2015.02.15"]
[Round "4"]
[White "Wang, Richard"]
[Black "Razzaq, Ali"]
[Result "1-0"]
[WhiteElo "2373"]
[BlackElo "1845"]
[PlyCount "77"]
[EventDate "2015.02.14"]
[EventType "swiss"]
[EventRounds "5"]
[EventCountry "CAN"]
[SourceTitle "EXT 2017"]
[Source "ChessBase"]
[SourceDate "2016.10.25"]
[SourceVersion "1"]
[SourceVersionDate "2016.10.25"]
[SourceQuality "1"]

1. d4 d5 2. Nf3 Nf6 3. c4 e6 4. g3 Be7 5. Bg2 0-0 6. 0-0 dxc4 7. Qa4 a6 8. Qxc4 b5 9. Qc2 Bb7 10. Bd2 Ra7 11. Rc1 Be4 12. Qb3 Nc6 13. e3 Bd5 14. Qc2 Qa8 15. Ne1 Nb4 16. Bxb4 Bxb4 17. Bxd5 Qxd5 18. Nd3 Bd6 19. Qc6 Qh5 20. Nd2 Qe2 21. Qc2 h5 22. Re1 Qg4 23. e4 Nh7 24. Qd1 Ng5 25. f3 Nh3+ 26. Kg2 Qg6 27. Kxh3 h4 28. f4 f5 29. e5 Be7 30. Kg2 Rd8 31. Nf3 c5 32. Qc2 Qg4 33. Nxc5 hxg3 34. hxg3 Bxc5 35. Qxc5 Rad7 36. Rad1 Rd5 37. Qc6 Qg6 38. Ng5 Rxd4 39. Rxd4 1-0

[Event "Northern Alberta op"]
[Site "Edmonton"]
[Date "2015.02.14"]
[Round "2"]
[White "Das, Prakash"]
[Black "Razzaq, Ali"]
[Result "0-1"]
[WhiteElo "1464"]
[BlackElo "1845"]
[PlyCount "60"]
[EventDate "2015.02.14"]
[EventType "swiss"]
[EventRounds "5"]
[EventCountry "CAN"]
[SourceTitle "EXT 2017"]
[Source "ChessBase"]
[SourceDate "2016.10.25"]
[SourceVersion "1"]
[SourceVersionDate "2016.10.25"]
[SourceQuality "1"]

1. Nf3 e6 2. c4 d5 3. d4 c5 4. e3 Nc6 5. cxd5 exd5 6. Bb5 Qb6 7. Nc3 Nf6 8. 0-0 Be7 9. dxc5 Bxc5 10. h3 0-0 11. Bxc6 Qxc6 12. Na4 Bb4 13. b3 b5 14. Nb2 Bc3 15. Nd4 Qd7 16. a3 Ba6 17. b4 Ne4 18. Rb1 Rac8 19. Qd3 Bxd4 20. exd4 Rc3 21. Qd1 Qf5 22. Nd3 Rfc8 23. Rb3 Rxb3 24. Qxb3 Rc3 25. Qb1 Bc8 26. Nc5 Qg6 27. Kh2 Bf5 28. Qb2 Rc4 29. Be3 Nf6 30. f3 Rc2 0-1

[Event "Edmonton-ch"]
[Site "Edmonton"]
[Date "2015.01.15"]
[Round "1.2"]
[White "Miller, David"]
[Black "Razzaq, Ali"]
[Result "1-0"]
[WhiteElo "2064"]
[BlackElo "1845"]
[PlyCount "129"]
[EventDate "2015.01.08"]
[EventType "k.o."]
[EventRounds "3"]
[EventCountry "CAN"]
[SourceTitle "EXT 2019"]
[Source "ChessBase"]
[SourceDate "2018.10.10"]
[SourceVersion "1"]
[SourceVersionDate "2018.10.10"]
[SourceQuality "1"]

1. e4 c6 2. d4 d5 3. Nd2 dxe4 4. Nxe4 Bf5 5. Ng3 Bg6 6. h4 h6 7. Nf3 Nd7 8. h5 Bh7 9. Bd3 Bxd3 10. Qxd3 e6 11. Bd2 Ngf6 12. 0-0-0 Be7 13. Kb1 0-0 14. Ne4 Nxe4 15. Qxe4 Nf6 16. Qe2 Qd5 17. Be3 b5 18. Ne5 a5 19. g4 Ne4 20. Rhg1 a4 21. f3 Ng5 22. Bxg5 Bxg5 23. Qf2 a3 24. b3 Bf6 25. f4 Rad8 26. Qf3 Bxe5 27. Qxd5 Rxd5 28. dxe5 Rfd8 29. Kc1 Kf8 30. Rxd5 Rxd5 31. Rd1 Ke7 32. c4 bxc4 33. bxc4 Rc5 34. Rd4 f6 35. Re4 Ra5 36. Kc2 Ra8 37. Kb3 c5 38. f5 Rb8+ 39. Kxa3 Rb4 40. exf6+ Kxf6 41. Rxe6+ Kf7 42. Ra6 Rxc4 43. Ra4 Rc3+ 44. Kb2 Rg3 45. Re4 Rg2+ 46. Kb3 Rg3+ 47. Ka4 Rg2 48. a3 Rg3 49. Rc4 Ke7 50. Rxc5 Rxg4+ 51. Kb5 Kd6 52. Rc6+ Kd5 53. f6 gxf6 54. Rxf6 Rg3 55. a4 Rb3+ 56. Ka6 Ke5 57. Rxh6 Kf5 58. Rb6 Ra3 59. a5 Ke5 60. h6 Kd5 61. Rb5+ Kc4 62. Rh5 Rf3 63. h7 Rf6+ 64. Kb7 Rf7+ 65. Kc6 1-0

[Event "Calgary Alberta op"]
[Site "Calgary"]
[Date "2014.10.13"]
[Round "6.11"]
[White "Razzaq, Ali"]
[Black "Daniluk, Jim"]
[Result "1-0"]
[WhiteElo "1952"]
[BlackElo "2048"]
[PlyCount "115"]
[EventDate "2014.10.11"]
[EventType "swiss"]
[EventRounds "6"]
[EventCountry "CAN"]
[SourceTitle "EXT 2022"]
[Source "ChessBase"]
[SourceDate "2021.10.06"]
[SourceVersion "1"]
[SourceVersionDate "2021.10.06"]
[SourceQuality "1"]

1. d4 Nf6 2. Bf4 g6 3. Nf3 Bg7 4. e3 0-0 5. Be2 c5 6. c3 cxd4 7. cxd4 Nd5 8. Bg5 h6 9. Bh4 Qb6 10. Qb3 Qxb3 11. axb3 g5 12. Bg3 Nc6 13. Nc3 Ndb4 14. 0-0 d6 15. d5 Bxc3 16. bxc3 Nxd5 17. c4 Nf6 18. Nd2 Rd8 19. Rfd1 Bf5 20. f3 d5 21. Bf2 Bg6 22. Kf1 d4 23. exd4 Nxd4 24. Ra3 Nc6 25. Ke1 e5 26. h4 e4 27. hxg5 Nb4 28. Rxa7 Nc2+ 29. Kf1 Rxa7 30. Bxa7 e3 31. gxf6 exd2 32. Kf2 Ne1 33. Be3 Bc2 34. Rxd2 Rxd2 35. Bxd2 Nd3+ 36. Bxd3 Bxd3 37. Bxh6 Kh7 38. Bf4 Kg6 39. Be5 Kf5 40. Bd4 Bc2 41. b4 Bd3 42. c5 Bb5 43. Ke3 Ke6 44. Bc3 Kd5 45. g4 Kc4 46. Be1 Kd5 47. Kf4 Be2 48. g5 Ke6 49. Ke4 Bb5 50. Bd2 Bc6+ 51. Kf4 Bb5 52. Be3 Bc4 53. Kg4 Be2 54. Bd2 Bd3 55. Kf4 Bb5 56. Ke3 Kf5 57. Kd4 Be2 58. Kd5 1-0

[Event "Edmonton Fall Sectional B"]
[Site "Edmonton"]
[Date "2011.10.30"]
[Round "5"]
[White "Pedersen, Rick"]
[Black "Razzaq, Ali"]
[Result "1-0"]
[WhiteElo "1929"]
[BlackElo "1841"]
[PlyCount "55"]
[EventDate "2011.10.28"]
[EventType "tourn"]
[EventRounds "5"]
[EventCountry "CAN"]
[SourceTitle "EXT 2022"]
[Source "ChessBase"]
[SourceDate "2021.10.06"]
[SourceVersion "1"]
[SourceVersionDate "2021.10.06"]
[SourceQuality "1"]

1. d3 d5 2. g3 e5 3. Nf3 Nc6 4. Bg2 Nf6 5. 0-0 Be7 6. Nbd2 h6 7. h3 0-0 8. b3 e4 9. Nh2 Be6 10. Bb2 Qd7 11. dxe4 Bxh3 12. e5 Nh7 13. Ndf3 Rad8 14. Qd2 Bxg2 15. Kxg2 Bg5 16. Nxg5 Nxg5 17. Rh1 Qh3+ 18. Kg1 Ne4 19. Qf4 f6 20. Ng4 Nxf2 21. Nxf2 Qe6 22. exf6 d4 23. Ng4 Qxe2 24. Rf1 Rf7 25. Rf2 Qe1+ 26. Kg2 Qa5 27. Nxh6+ gxh6 28. Qxh6 1-0

[Event "Edmonton Fall Sectional B"]
[Site "Edmonton"]
[Date "2011.10.28"]
[Round "1"]
[White "Razzaq, Ali"]
[Black "Karmali, Hafiz"]
[Result "0-1"]
[WhiteElo "1841"]
[BlackElo "1989"]
[PlyCount "110"]
[EventDate "2011.10.28"]
[EventType "tourn"]
[EventRounds "5"]
[EventCountry "CAN"]
[SourceTitle "EXT 2022"]
[Source "ChessBase"]
[SourceDate "2021.10.06"]
[SourceVersion "1"]
[SourceVersionDate "2021.10.06"]
[SourceQuality "1"]

1. d4 e6 2. Nf3 d5 3. e3 Bd6 4. Bd3 f5 5. 0-0 Nf6 6. c4 c6 7. b3 0-0 8. Bb2 Ne4 9. Ne5 Nd7 10. f3 Nef6 11. Nd2 Qc7 12. f4 Ne4 13. Nxd7 Bxd7 14. Nf3 Qd8 15. Ne5 Rf6 16. Rf3 Rh6 17. Qe1 Be8 18. Bxe4 fxe4 19. Rf1 Bh5 20. f5 Qg5 21. Qg3 Qxg3 22. hxg3 exf5 23. Rxf5 Rf8 24. Raf1 Rhf6 25. g4 Be8 26. c5 Be7 27. Bc3 g6 28. R5f4 h6 29. Ba5 Rxf4 30. Rxf4 Bg5 31. Rxf8+ Kxf8 32. Kf2 Kg7 33. Bc7 Bf7 34. b4 a6 35. Nxf7 Kxf7 36. a4 Be7 37. Bf4 h5 38. gxh5 gxh5 39. g4 Kg6 40. gxh5+ Kxh5 41. Bh2 Kg4 42. Bf4 Bh4+ 43. Ke2 Bg5 44. Bd6 Kf5 45. Bg3 Ke6 46. Be5 Bd8 47. a5 Kf5 48. Bd6 Bf6 49. Bf4 Bxd4 50. Kd2 Bg7 51. Bd6 Kg4 52. Bf4 Bf6 53. Bd6 Kf3 54. Bf4 d4 55. Bh6 dxe3+ 0-1

[Event "Canadian op 48th"]
[Site "Toronto"]
[Date "2011.07.10"]
[Round "2"]
[White "Razzaq, Ali"]
[Black "Hayder, Ali"]
[Result "0-1"]
[WhiteElo "1920"]
[BlackElo "2005"]
[PlyCount "78"]
[EventDate "2011.07.09"]
[EventType "swiss"]
[EventRounds "9"]
[EventCountry "CAN"]
[SourceTitle "CBM 143 Extra"]
[Source "ChessBase"]
[SourceDate "2011.08.29"]
[SourceVersion "1"]
[SourceVersionDate "2011.08.29"]
[SourceQuality "1"]

1. d4 d5 2. Nf3 Nf6 3. e3 g6 4. c4 c6 5. cxd5 cxd5 6. Nc3 Bg7 7. Qb3 0-0 8. Ne5 Nc6 9. Nxc6 bxc6 10. Be2 Nd7 11. 0-0 e5 12. Rd1 Qh4 13. a4 Rb8 14. Qa3 Re8 15. a5 exd4 16. g3 Qe7 17. exd4 Qxa3 18. Rxa3 Rb4 19. Be3 Rxb2 20. Bd3 Nf6 21. Na4 Rb4 22. Rc1 Ng4 23. Rxc6 Nxe3 24. fxe3 Bd7 25. Rc7 Bxa4 26. Rxa7 Rxe3 27. Ra8+ Be8 28. a6 Bxd4 29. Kg2 Kg7 30. Rd8 Ba7 31. Kh3 Re7 32. Rxd5 Bd7+ 33. g4 Bxg4+ 34. Kg2 Rb2+ 35. Kg3 h5 36. Bf1 Bb8+ 37. Kh4 Rxh2+ 38. Bh3 Bxh3 39. Rxh3 Re4+ 0-1

[Event "Edmonton Fall-B"]
[Site "Edmonton"]
[Date "2010.10.24"]
[Round "4"]
[White "Rekhson, Vladislav"]
[Black "Razzaq, Ali"]
[Result "1/2-1/2"]
[WhiteElo "2098"]
[BlackElo "1989"]
[PlyCount "29"]
[EventDate "2010.10.22"]
[EventType "tourn"]
[EventRounds "5"]
[EventCountry "CAN"]
[SourceTitle "EXT 2013"]
[Source "ChessBase"]
[SourceDate "2012.11.22"]
[SourceVersion "1"]
[SourceVersionDate "2012.11.22"]
[SourceQuality "1"]

1. e4 c6 2. d4 d5 3. e5 c5 4. dxc5 e6 5. Nf3 Bxc5 6. Bd3 Ne7 7. 0-0 Nbc6 8. Bf4 Ng6 9. Bg3 Bd7 10. c3 Be7 11. b4 Rc8 12. Qe2 Qc7 13. h4 f6 14. h5 Ngxe5 15. b5 1/2-1/2

[Event "Edmonton Fall-B"]
[Site "Edmonton"]
[Date "2010.10.23"]
[Round "3"]
[White "Razzaq, Ali"]
[Black "Regimbald, Adrien"]
[Result "0-1"]
[WhiteElo "1989"]
[BlackElo "1954"]
[PlyCount "107"]
[EventDate "2010.10.22"]
[EventType "tourn"]
[EventRounds "5"]
[EventCountry "CAN"]
[SourceTitle "EXT 2013"]
[Source "ChessBase"]
[SourceDate "2012.11.22"]
[SourceVersion "1"]
[SourceVersionDate "2012.11.22"]
[SourceQuality "1"]

1. d4 Nf6 2. Nf3 b6 3. e3 Bb7 4. Bd3 g6 5. c4 d6 6. Nc3 Nbd7 7. d5 e5 8. b4 a5 9. bxa5 Rxa5 10. e4 Nc5 11. Bc2 Qd7 12. Be3 Qg4 13. Bxc5 Rxc5 14. Ba4+ Ke7 15. Qd3 Ba6 16. Bb5 Bxb5 17. cxb5 Rxc3 18. Qxc3 Qxe4+ 19. Kf1 Nxd5 20. Qb3 Nf4 21. Qxf7+ Kxf7 22. Ng5+ Ke7 23. Nxe4 Bg7 24. g3 Ne6 25. Rc1 Ra8 26. Nc3 Nc5 27. Ke2 Ke6 28. f3 d5 29. Rc2 d4 30. Rd1 dxc3 31. Rxc3 Rxa2+ 32. Rd2 Rxd2+ 33. Kxd2 e4 34. Ra3 exf3 35. Rxf3 Bf6 36. Re3+ Kd5 37. Rf3 Kc4 38. Kc2 Be5 39. Rf7 h5 40. Rf8 h4 41. gxh4 Bxh2 42. Rg8 Bg3 43. Rxg6 Bxh4 44. Rg4+ Kxb5 45. Rxh4 Na6 46. Kc3 c5 47. Rh6 Nb4 48. Rh5 Nc6 49. Rh1 Nd4 50. Rb1+ Kc6 51. Rd1 Kd5 52. Rh1 b5 53. Rh6 Ne6 54. Rh5+ 0-1

[Event "Lloydminster BATB op 4th"]
[Site "Lloydminster"]
[Date "2010.09.05"]
[Round "4.6"]
[White "Razzaq, Ali"]
[Black "Yam, Alex"]
[Result "1-0"]
[WhiteElo "1975"]
[BlackElo "2222"]
[PlyCount "47"]
[EventDate "2010.09.04"]
[EventType "swiss"]
[EventRounds "6"]
[EventCountry "CAN"]
[SourceTitle "EXT 2022"]
[Source "ChessBase"]
[SourceDate "2021.10.06"]
[SourceVersion "1"]
[SourceVersionDate "2021.10.06"]
[SourceQuality "1"]

1. d4 Nf6 2. Nf3 c5 3. e3 g6 4. Nc3 Bg7 5. dxc5 Qa5 6. Qd4 Nc6 7. Qc4 b6 8. cxb6 Nb4 9. Qb3 axb6 10. Bd2 Qc5 11. a3 0-0 12. Be2 Nbd5 13. 0-0 Bb7 14. Rfd1 Rfc8 15. Rac1 Bc6 16. Ne5 Nxc3 17. Bxc3 Bd5 18. Nxd7 Bxb3 19. Nxc5 Rxc5 20. cxb3 Rac8 21. Ba6 R8c7 22. Rd8+ Bf8 23. Rcd1 Ne4 24. Rxf8+ 1-0

[Event "Canadian op"]
[Site "Edmonton"]
[Date "2009.07.13"]
[Round "3.72"]
[White "Razzaq, Ali"]
[Black "Deimert, Elroy"]
[Result "0-1"]
[WhiteElo "1859"]
[BlackElo "1580"]
[PlyCount "140"]
[EventDate "2009.07.11"]
[EventType "swiss"]
[EventRounds "9"]
[EventCountry "CAN"]
[SourceTitle "EXT 2022"]
[Source "ChessBase"]
[SourceDate "2021.10.06"]
[SourceVersion "1"]
[SourceVersionDate "2021.10.06"]
[SourceQuality "1"]

1. d4 Nf6 2. c4 d6 3. Nc3 g6 4. e4 Nbd7 5. f4 e5 6. fxe5 dxe5 7. dxe5 Nxe5 8. Qxd8+ Kxd8 9. Bg5 Be7 10. 0-0-0+ Bd7 11. Nf3 Nfg4 12. Bxe7+ Kxe7 13. Nd5+ Kf8 14. Nxe5 Nxe5 15. Be2 Kg7 16. b3 c6 17. Ne3 Rhe8 18. Rd6 Re6 19. Rhd1 Rxd6 20. Rxd6 Re8 21. c5 Be6 22. Kc2 f6 23. a4 Nf7 24. Rd4 Rd8 25. Rb4 Rd7 26. Bc4 Bxc4 27. Nxc4 Re7 28. Nd6 Nxd6 29. cxd6 Rd7 30. a5 Kf7 31. e5 fxe5 32. Kd3 Ke6 33. Ke4 Kxd6 34. Rc4 b6 35. a6 Rf7 36. g3 Rf2 37. h4 Ra2 38. Rc3 Rxa6 39. Rd3+ Ke6 40. Rd8 Ra3 41. Rh8 Rxb3 42. g4 Rb4+ 43. Kf3 a5 44. Rxh7 a4 45. Rg7 a3 46. Rxg6+ Kd5 47. Rg8 Ra4 48. Rd8+ Kc4 49. Rd1 Kc3 50. h5 a2 51. h6 a1Q 52. Rxa1 Rxa1 53. g5 Rh1 54. Ke4 b5 55. Kf5 b4 56. g6 b3 57. g7 b2 58. g8Q b1Q+ 59. Kxe5 Rh5+ 60. Kd6 Rxh6+ 61. Kc7 Qh7+ 62. Qxh7 Rxh7+ 63. Kxc6 Rh5 64. Kd6 Kc4 65. Ke6 Kd4 66. Kf6 Ke4 67. Kg6 Ra5 68. Kf6 Rb5 69. Kg6 Kf4 70. Kh6 Kg4 0-1

[Event "Edmonton Summer op"]
[Site "Edmonton"]
[Date "2009.06.11"]
[Round "2"]
[White "Razzaq, Ali"]
[Black "Daher, Nayef"]
[Result "1-0"]
[WhiteElo "1854"]
[BlackElo "1578"]
[PlyCount "49"]
[EventDate "2009.06.04"]
[EventType "swiss"]
[EventRounds "5"]
[EventCountry "CAN"]
[SourceTitle "EXT 2011"]
[Source "ChessBase"]
[SourceDate "2010.11.26"]
[SourceVersion "1"]
[SourceVersionDate "2010.11.26"]
[SourceQuality "1"]

1. d4 g6 2. c4 Bg7 3. e4 d6 4. Nc3 f5 5. Be3 Nf6 6. e5 dxe5 7. dxe5 Qxd1+ 8. Rxd1 Ng4 9. Bf4 e6 10. Nb5 Na6 11. Nf3 Bd7 12. h3 Nh6 13. Ng5 Ke7 14. Be2 Bxb5 15. cxb5 Nb4 16. Bc4 Nd5 17. Nxe6 Nxf4 18. Nxg7 Nxg2+ 19. Ke2 Nf4+ 20. Kf3 Nh5 21. Nxh5 gxh5 22. Rhg1 Rac8 23. Rg7+ Ke8 24. Rdd7 f4 25. Rxh7 1-0

[Event "Edmonton-ch Reserves"]
[Site "Edmonton"]
[Date "2009.02.12"]
[Round "6"]
[White "Razzaq, Ali"]
[Black "MacLeod, Damon"]
[Result "0-1"]
[WhiteElo "1851"]
[BlackElo "1653"]
[PlyCount "72"]
[EventDate "2009.01.08"]
[EventType "swiss"]
[EventRounds "7"]
[EventCountry "CAN"]
[SourceTitle "EXT 2011"]
[Source "ChessBase"]
[SourceDate "2010.11.26"]
[SourceVersion "1"]
[SourceVersionDate "2010.11.26"]
[SourceQuality "1"]

1. d4 d5 2. c4 e6 3. Nf3 Nf6 4. e3 c6 5. Nc3 Nbd7 6. Bd3 dxc4 7. Bxc4 b5 8. Bd3 Bd6 9. 0-0 0-0 10. Qc2 a6 11. e4 e5 12. Bg5 h6 13. Bh4 exd4 14. Nxd4 c5 15. Nf5 Ne5 16. Nxd6 Qxd6 17. Be2 Bb7 18. Bg3 Rfe8 19. f4 Neg4 20. Rad1 Qc6 21. Nd5 c4 22. Nxf6+ Nxf6 23. Bf3 Nxe4 24. Bh4 Qb6+ 25. Kh1 Nc5 26. Bh5 Nd3 27. b3 Rac8 28. bxc4 bxc4 29. Rb1 Qc7 30. f5 Be4 31. f6 Nf4 32. Qd1 Bxg2+ 33. Kg1 Bxf1 34. Qg4 Qc5+ 35. Bf2 Nh3+ 36. Kh1 Nxf2+ 0-1

[Event "Edmonton Ottosen op"]
[Site "Edmonton"]
[Date "2008.08.07"]
[Round "1"]
[White "Razzaq, Ali"]
[Black "Pechenkin, Vladimir"]
[Result "0-1"]
[WhiteElo "1847"]
[BlackElo "2288"]
[PlyCount "100"]
[EventDate "2008.08.07"]
[EventType "swiss"]
[EventRounds "4"]
[EventCountry "CAN"]
[SourceTitle "EXT 2011"]
[Source "ChessBase"]
[SourceDate "2010.11.26"]
[SourceVersion "1"]
[SourceVersionDate "2010.11.26"]
[SourceQuality "1"]

1. d4 f5 2. c4 Nf6 3. Nc3 e6 4. g3 Be7 5. Bg2 0-0 6. e3 d6 7. Nge2 a5 8. 0-0 c6 9. Qb3 Kh8 10. Na4 e5 11. Nb6 Ra6 12. Nxc8 Qxc8 13. Qc2 Ra7 14. dxe5 dxe5 15. Bh3 g6 16. b3 Nbd7 17. Bb2 Qc7 18. Rac1 Kg8 19. Kh1 a4 20. Ng1 Bb4 21. Nf3 a3 22. Ba1 Ra5 23. Ne1 Nc5 24. f4 e4 25. Qe2 Bxe1 26. Rcxe1 Nd3 27. Rd1 h5 28. Qd2 c5 29. Qc3 Ra6 30. Rd2 Rd6 31. Kg1 Kh7 32. Rfd1 Rfd8 33. Bf1 Ng4 34. Bxd3 Nxe3 35. Re1 Rxd3 36. Rxd3 exd3 37. Rxe3 d2 38. Rd3 d1Q+ 39. Rxd1 Rxd1+ 40. Kf2 Rd8 41. Qf6 Qd7 42. Bc3 Re8 43. Kg2 Qe7 44. Qe5 Qxe5 45. fxe5 Rd8 46. Ba5 Rd1 47. Bb6 Ra1 48. Bxc5 Rxa2+ 49. Kf3 Rb2 50. e6 a2 0-1